000 00562nam a2200229 a 4500
001 nice12345678
003 IN_TiNIC
005 20260116014755.0
008 090727s2005 newa grp 000 0 eng
020 _a8189524097
_c20
082 0 0 _a301
_bALO
100 _aAloysius, G
245 _aInterpreting Kerala`s Social Development
260 _aNew Delhi
_bCritical Quest
_c2005
300 _a32p
500 _aincludes index and biblioraphy
650 _aSociology
700 1 _aAloysius, G
902 _bSRS
942 _cBK
999 _c16895
_d16895